00600nam a2200169 a 450000100100000000500170001000800410002704000250006808200150009310000340010824500920014226000370023430000200027104900090029195201130030099900170041300003135020200930062853.0110620s1943 dr 000 0 spa d aDO-SdBNPbspacBNPHU axxxxbO81s1 aOscar Pacheco, Armando95778613aEl sentido de lo nuestro en las grandezas del generalísimo. /cArmando Oscar Pacheco. aSanto Domingo :bCambier,c1943. a62 p. ;c12 cm. aBNPD 0010718PDaPDbPDcCTd2011-06-20iLF1l0oxxxx O81sp31350-10r2020-06-25w2020-06-25yLFPDZNo se presta c30842d30842